Deutsche Landkreise und kreisfreie Städte nach Buchstabe - G - Statistiken

Allgemein
  • Dieses Quiz wurde 191 mal gespielt
  • Das Durchschnittsergebnis liegt bei 13 aus 17
Antwortstatistiken
Bundesland Kreis % Korrekt
Thüringen Gera
97%
Niedersachsen Göttingen
92%
Niedersachsen Göttingen
92%
Nordrhein-Westfalen Gelsenkirchen
89%
Hessen Gießen
89%
Hessen Groß-Gerau
82%
Sachsen Görlitz
80%
Thüringen Gotha
80%
Baden-Württemberg Göppingen
79%
Nordrhein-Westfalen Gütersloh
79%
Niedersachsen Goslar
76%
Bayern Garmisch-Partenkirchen
72%
Rheinland-Pfalz Germersheim
72%
Bayern Günzburg
72%
Thüringen Greiz
66%
Niedersachsen Gifhorn
65%
Niedersachsen Grafschaft Bentheim
49%
Keine übereinstimmenden Quizze gefunden
Verteilung der Resultate
Anzahl Personen mit jedem Resultat
Perzentil nach korrekt beantworteten Fragen
Ihre Resultats-Entwicklung
Sie haben dieses Quiz noch nicht gespielt